| 000 | 00506nam a2200193Ia 4500 | ||
|---|---|---|---|
| 001 | 5477 | ||
| 003 | IN-NITTTR | ||
| 005 | 20251114233009.0 | ||
| 008 | 251113s9999||||xx |||||||||||||| ||eng|| | ||
| 040 | _beng | ||
| 040 | _cIN-NITTTR | ||
| 041 | _aeng | ||
| 082 | _a030 H784A R | ||
| 100 | _aHornby, A. S. | ||
| 245 | 4 |
_aThe advanced learner's dictionary of current english. / _cHornby, A. S., Gatenby, E. V., Wakefield, H. |
|
| 700 | _a Gatenby, E. V. | ||
| 700 | _a Wakefield, H. | ||
| 942 |
_2ddc _cBK |
||
| 999 |
_c8113 _d8113 |
||